00721nam a2200169 a 4500008004100000050001500041100001700056245003400073246009200107260003500199350000900234650002900243650003900272995010000311999001700411952012300428120416s1967 ||||||||||||||||| || u aQD 189 Blo aBloom, Harry14aThe chemistry of molten salts aan introduction to the physical and inorganic chemistry of molten salts and salt vapors aNew YorkbW. A. Benjaminc1967 a0.00 aCHEMISTRY-- MOLTEN SALTS 0aCHEMISTRY--HANDBOOKS, MANUALS, ETC D0.00FCBU-MAIN LIBRARY (Kitwe)H1I6.95M1UAVAILABLEWMar 9, 2007ZAnnex Low-Usage Collection  c37216d37216 00102lcc4070a001b001cAnnex Low-Usage Collection d2022-11-30l0oQD 189 Blop012347r2022-11-30w2022-11-30y002